| 000 | 00960pam a2200313 a 4500 | ||
|---|---|---|---|
| 001 | 3313371 | ||
| 003 | SISC | ||
| 005 | 20160406124237.0 | ||
| 008 | 840321s1984 mau 000 0 eng | ||
| 010 | _a 84005406 | ||
| 020 | _a0870735144 | ||
| 020 | _a0870735152 (pbk.) | ||
| 040 |
_aDLC _cDLC _dDLC |
||
| 043 | _an-us--- | ||
| 050 | 0 | 0 |
_aHC 110.W3 _b.D68 1984 |
| 082 | 0 | 0 |
_aHS 330.973 _bD75 1984 |
| 100 | 1 |
_aDovring, Folke _910138 |
|
| 245 | 1 | 0 |
_aRiches to rags : _bthe political economy of social waste / _cFolke Dovring. |
| 260 |
_aCambridge, Mass. : _bSchenkman Pub. Co., _cc1984. |
||
| 300 |
_a171 p. ; _c22 cm. |
||
| 650 | 0 |
_aWaste (Economics) _zUnited States. _910139 |
|
| 651 | 0 |
_aUnited States _xEconomic conditions _y1981-2001. _910140 |
|
| 651 | 0 |
_aUnited States _xSocial conditions _y1980- _910141 |
|
| 740 | 0 | _aSocial waste. | |
| 906 |
_a7 _bcbc _corignew _d1 _eocip _f19 _gy-gencatlg |
||
| 942 |
_2lcc _cBK |
||
| 999 |
_c8540 _d8540 |
||